000 00983nam a2200241Ia 4500
003 OSt
005 20220923220825.0
006 a|||||r|||| 00| 0
007 ta
008 220922b |||||||| |||| 00| 0 hin d
024 _a190,981
037 _cTextual
040 _aARTS
_cARTS
_bhin
041 _2hin
_ahin
082 _aR65,92, 152L3
100 _aमलकानी, धनशामदास रत्तनमल
_9164667
245 0 _aवेदान्त ज्ञान मीमांसा, अनु शत्रुसुदन प्रसाद पाण्डेय
246 _aVedānta jnyān mīmāansā, anu0 shatrusudan prasād pāṇḍeya
260 _aभोपाल
_b मध्य प्रदेश हिन्दी ग्रंथ अकादमी
_c1973
300 _a123पृ.
_ccm.
942 _hR65,92, 152L3
_cTEXL
_2CC
999 _c343702
_d343702